Systematic Training for Effective Teaching (Record no. 25477)

MARC details
000 -LEADER
fixed length control field 00560nam a22002057a 4500
003 - CONTROL NUMBER IDENTIFIER
control field OSt
005 - DATE AND TIME OF LATEST TRANSACTION
control field 20260629154957.0
008 - FIXED-LENGTH DATA ELEMENTS--GENERAL INFORMATION
fixed length control field 260629b |||||||| |||| 00| 0 eng d
020 ## - INTERNATIONAL STANDARD BOOK NUMBER
International Standard Book Number 0-913476-75-7
040 ## - CATALOGING SOURCE
Transcribing agency Chuka University Library
050 ## - LIBRARY OF CONGRESS CALL NUMBER
Classification number LB 1025.3 .D56 1980
100 ## - MAIN ENTRY--PERSONAL NAME
Personal name Dinkmeyer Don
9 (RLIN) 31747
245 ## - TITLE STATEMENT
Title Systematic Training for Effective Teaching
260 ## - PUBLICATION, DISTRIBUTION, ETC.
Place of publication, distribution, etc. USA
Name of publisher, distributor, etc. AGS
Date of publication, distribution, etc. 1980
300 ## - PHYSICAL DESCRIPTION
Extent 291P
Other physical details Illustrations
650 ## - SUBJECT ADDED ENTRY--TOPICAL TERM
Topical term or geographic name entry element Teaching
9 (RLIN) 9404
700 ## - ADDED ENTRY--PERSONAL NAME
Personal name McKay D. Gary
9 (RLIN) 31748
700 ## - ADDED ENTRY--PERSONAL NAME
Personal name Jr Dinkmeyer Don
9 (RLIN) 31749
942 ## - ADDED ENTRY ELEMENTS (KOHA)
Source of classification or shelving scheme Library of Congress Classification
Koha item type Long Loan Books
Suppress in OPAC No
Holdings
Withdrawn status Lost status Source of classification or shelving scheme Damaged status Not for loan Collection Home library Current library Shelving location Date acquired Source of acquisition Cost, normal purchase price Total Checkouts Full call number Barcode Date last seen Price effective from Koha item type
    Library of Congress Classification     General Collection Books Main Campus Library Main Campus Library General Stacks 29/06/2026 Donation From Books For Africa 3930.72   LB 1025.3 ,D56 1980 36021/2026 29/06/2026 29/06/2026 Long Loan Books

Powered by Koha